Culture in action: symbols and strategies
保存先:
| フォーマット: | テキスト |
|---|---|
| タグ: |
タグ追加
タグなし, このレコードへの初めてのタグを付けませんか!
|
MARC
| LEADER | 00000 a a2200000 04500 | ||
|---|---|---|---|
| 001 | 32135 | ||
| 003 | |||
| 040 | |||
| 090 | |a 201000 | ||
| 245 | |a Culture in action: symbols and strategies | ||
| 300 | |a pp. 273-286 | ||
| 500 | |a Resumen también en Inglés | ||
| 999 | |c 16540 |d 16540 | ||
